| 000 | 00848cam a22002411a 4500 | ||
|---|---|---|---|
| 001 | sa 67006064 | ||
| 003 | DLC | ||
| 005 | 20260227112403.0 | ||
| 008 | 890621q19661970ii 000 0 urdo | ||
| 010 | _asa 67006064 | ||
| 035 | _a(OCoLC)19906687 | ||
| 040 |
_aDLC _cWaU _dWU _dDLC |
||
| 041 | 0 | _aurdara | |
| 042 | _apremarc | ||
| 050 | 0 | 0 |
_aPJ6273 _b.A2 |
| 100 | 0 | _aAbdurraḥmān Amritsarī. | |
| 245 | 1 | 0 |
_aKitāb al-ṣarf : _byaʻne ʻArabī zabān ke ʻilm ṣaraf par ek naʼī t̤arz kā risālah maʻe kas̲īr al-taʻdād ams̲alah mashqiyyah o imtehānī savālāt / _cḤāfiẓ ʻAbdurraḥmān Ṣāḥib Amratasarī. |
| 260 |
_aDehlī : _bFarīd, _c[1966?] |
||
| 300 |
_a129 p. ; _c23 cm. |
||
| 500 | _aArabic and Urdu. | ||
| 650 | 0 |
_aArabic language _xTextbooks for foreign speakers _xUrdu. |
|
| 650 | 0 |
_aArabic language _xSyntax. |
|
| 999 |
_c75654 _d75654 |
||